[Event "AUTO-OPEN-3456"]
[Site "http://www.queenalice.com/game.php?id=1349425"]
[Date "2015.3.23"]
[Round "1"]
[White "Severynnas"]
[Black "soypartisano"]
[Result "0-1"]
[WhiteElo "1572"]
[BlackElo "1970"]

1. d4 Nf6 2. Nf3 d5 3. Nc3 Bf5 4. e3 c5 5. Bb5+ Nc6 6. dxc5 e6 7. Bd3 Bg4 8. h3
Bh5 9. Be2 Bxc5 10. O-O O-O 11. Nb5 Re8 12. a3 Ne4 13. Bd3 Ne5 14. Be2 Nxf3+ 15.
Bxf3 Bg6 16. Bxe4 Bxe4 17. f3 Bg6 18. Kh2 a6 19. Nc3 Qc7+ 20. Kg1 Rac8 21. g4
Qg3+ 22. Kh1 Qxh3+ 23. Kg1 Be7 24. Rf2 Bd6 25. Na4 Rc6 26. e4 dxe4 27. fxe4 Bxe4
28. Rf4 Qg2# 0-1

[Event "AUTO-OPEN-3456"]
[Site "http://www.queenalice.com/game.php?id=1349426"]
[Date "2015.3.23"]
[Round "1"]
[White "soypartisano"]
[Black "Severynnas"]
[Result "1-0"]
[WhiteElo "1959"]
[BlackElo "1599"]

1. e4 e5 2. Nf3 Nc6 3. d4 Nf6 4. Nc3 Bb4 5. Bg5 h6 6. Bxf6 Qxf6 7. d5 Nd4 8. Be2
Bxc3+ 9. bxc3 Nxe2 10. Qxe2 d6 11. Nd2 O-O 12. O-O c6 13. c4 cxd5 14. cxd5 b6
15. c4 a5 16. Qe3 g5 17. Qxb6 a4 18. c5 Qd8 19. Qxd6 Qxd6 20. cxd6 f6 21. Rfc1
g4 22. Rc7 h5 23. Nc4 h4 24. d7 Ba6 25. Rc1 Rf7 26. Nd6 Re7 27. Rc8+ Rxc8 28.
Rxc8+ Kg7 29. Nf5+ Kf7 30. Nxe7 Kxe7 31. d8=Q+ Kf7 32. Rc7+ Kg6 33. Qg8+ Kh6 34.
Rh7# 1-0

[Event "Challenge"]
[Site "http://www.queenalice.com/game.php?id=1349966"]
[Date "2015.3.26"]
[Round "-"]
[White "ledeon"]
[Black "soypartisano"]
[Result "0-1"]
[WhiteElo "1646"]
[BlackElo "1500"]

1. d4 Nf6 2. c4 e6 3. Nc3 Bb4 4. g3 c5 5. dxc5 Ne4 6. Bd2 Nxd2 7. Qxd2 Qa5 8. e4
Nc6 9. Nge2 O-O 10. Bg2 Bxc5 11. O-O Ne5 12. b3 d6 13. Rad1 Bd7 14. Nd4 Rfd8 15.
h4 Rac8 16. Kh2 Bc6 17. Nc2 Bxf2 18. Rxf2 Ng4+ 19. Kh3 Nxf2+ 20. Kh2 Nxd1 0-1

[Event "Challenge"]
[Site "http://www.queenalice.com/game.php?id=1349967"]
[Date "2015.3.26"]
[Round "-"]
[White "soypartisano"]
[Black "ledeon"]
[Result "1-0"]
[WhiteElo "1682"]
[BlackElo "1646"]

1. e4 c5 2. Nf3 e6 3. Be2 g6 4. O-O Nc6 5. c3 Nf6 6. d3 Bg7 7. Bg5 Qc7 8. Qd2 d5
9. exd5 exd5 10. Re1 O-O 11. Bh6 Bg4 12. Bxg7 Kxg7 13. Na3 a6 14. Nc2 Rad8 15.
Rad1 b5 16. Qg5 h6 17. Qh4 Ne7 18. Ne3 d4 19. Nxg4 Nxg4 20. Qxg4 f5 21. Qh4 g5
22. Nxg5 hxg5 23. Qxg5+ Ng6 24. Bh5 Rf6 25. Bxg6 1-0

[Event "OS INCLIVEIS"]
[Site "http://www.queenalice.com/game.php?id=1350300"]
[Date "2015.3.27"]
[Round "-"]
[White "adelio"]
[Black "soypartisano"]
[Result "0-1"]
[WhiteElo "1728"]
[BlackElo "1928"]

1. d4 Nf6 2. c4 e6 3. Nc3 Bb4 4. a3 Bxc3+ 5. bxc3 c5 6. Bg5 Qa5 7. Qc2 Ne4 8.
Bd2 Nxd2 9. Qxd2 O-O 10. e4 Nc6 11. Ne2 d6 12. g4 e5 13. d5 Ne7 14. f3 Bd7 15.
h4 Nc8 16. h5 f6 17. Ng3 Nb6 18. Nf5 Bxf5 19. gxf5 Na4 20. Rc1 a6 21. h6 Rf7 22.
Rg1 b5 23. Rc2 bxc4 24. Rxg7+ Rxg7 25. hxg7 Rb8 26. Bxc4 Rb1+ 27. Kf2 Rh1 28.
Bf1 c4 29. Kg2 Rh5 30. Qe3 Qc7 31. Kf2 Nc5 32. Ke2 Nd3 33. Qg1 Rg5 34. Qh2 Qb6
35. Rd2 Kxg7 36. Rc2 Qb1 37. Rd2 Qe1# 0-1

[Event "OS INCLIVEIS"]
[Site "http://www.queenalice.com/game.php?id=1352490"]
[Date "2015.4.8"]
[Round "-"]
[White "soypartisano"]
[Black "adelio"]
[Result "1-0"]
[WhiteElo "1953"]
[BlackElo "1702"]

1. e4 a6 2. d4 c5 3. d5 e5 4. Nf3 d6 5. c4 Be7 6. Nc3 Nf6 7. Be2 Ng4 8. Bd2 Nxf2
9. Kxf2 Bg4 10. Rf1 h5 11. Kg1 Bxf3 12. Bxf3 g6 13. a3 h4 14. b4 g5 15. bxc5
dxc5 16. Bh5 Bf6 17. Qf3 Nd7 18. Bxg5 Qe7 19. d6 Qe6 20. Bg4 Qxc4 21. Bxd7+ Kxd7
22. Bxf6 Qd4+ 23. Kh1 Rag8 24. Bxh8 Rxh8 25. Qxf7+ Kxd6 26. Rf6# 1-0

[Event "Maradona x Pelé"]
[Site "http://www.queenalice.com/game.php?id=1354156"]
[Date "2015.4.18"]
[Round "-"]
[White "soypartisano"]
[Black "bobifixer"]
[Result "1-0"]
[WhiteElo "1927"]
[BlackElo "1912"]

1. e4 c5 2. Nf3 d6 3. Be2 Nf6 4. d3 g6 5. c3 Bg7 6. O-O Nc6 7. Bg5 O-O 8. Qd2 a6
9. Bh6 b5 10. Bxg7 Kxg7 11. Na3 Bb7 12. Nc2 Qb6 13. Rfd1 Rad8 14. Qg5 Qc7 15.
Ne3 e6 16. h4 Ne5 17. Nxe5 dxe5 18. h5 h6 19. Qg3 Rd7 20. hxg6 fxg6 21. Ng4 Nxg4
22. Bxg4 Re7 23. Re1 Rf6 24. Qe3 Ref7 25. Re2 h5 26. Bf3 Qe7 27. Qg5 Kh7 28. Kh2
Qd6 29. Rd2 Bc8 30. Rh1 Qc7 31. Kg1 c4 32. Bxh5 Kg8 33. Bxg6 Rxg6 34. Qxg6+ Rg7
35. Qe8# 1-0

[Event "Maradona x Pelé"]
[Site "http://www.queenalice.com/game.php?id=1354157"]
[Date "2015.4.18"]
[Round "-"]
[White "soypartisano"]
[Black "bobifixer"]
[Result "0-1"]
[WhiteElo "1970"]
[BlackElo "1893"]

1. d4 Nf6 2. c4 e6 3. Nf3 Bb4+ 4. Bd2 Bxd2+ 5. Nbxd2 d5 6. e3 c6 7. Be2 O-O 8.
O-O Nbd7 9. Rc1 dxc4 10. Nxc4 Nb6 11. Nce5 Nbd5 12. Re1 Ne4 13. Qc2 Nd6 14. Bd3
g6 15. h4 Nf5 16. a3 Nxh4 17. Nd2 Qg5 18. Bf1 Nb6 19. Ne4 Qe7 20. Ng3 Nf5 21.
Nxf5 exf5 22. g3 Be6 23. Bg2 Nd7 24. Nf3 Rad8 25. Kh2 Nf6 26. Ne5 Ng4+ 27. Nxg4
fxg4 28. Rh1 Bf5 29. Qd2 Be4 30. Rc5 Bxg2 31. Re5 Qxe5 0-1

[Event "revancha"]
[Site "http://www.queenalice.com/game.php?id=1354677"]
[Date "2015.4.21"]
[Round "-"]
[White "irdmoreno"]
[Black "soypartisano"]
[Result "1/2-1/2"]
[WhiteElo "1653"]
[BlackElo "1962"]

1. e4 e5 2. Nf3 Nc6 3. Nc3 Nf6 4. Bc4 Bc5 5. Ng5 O-O 6. d3 Nd4 7. Nd5 c6 8.
Nxf6+ Qxf6 9. O-O b5 10. Qh5 h6 11. Bxf7+ Rxf7 12. Nxf7 Qxf7 13. Qxf7+ Kxf7 14.
Be3 Nxc2 15. Rac1 Nxe3 16. fxe3+ Ke6 17. Rxc5 Bb7 18. Rc2 Re8 19. Rcf2 Re7 20.
d4 d6 21. Rf3 d5 22. Rf5 exd4 23. exd4 dxe4 24. Re5+ Kd6 25. Rxe7 Kxe7 26. b4
Bc8 27. Rf4 Kd6 28. Rxe4 Be6 29. Kf2 Kd7 30. a3 a6 31. Kf3 Bd5 32. Kf4 Bxe4 33.
Kxe4 Ke6 34. g3 g6 35. h4 h5 1/2-1/2

[Event "OS INCLIVEIS"]
[Site "http://www.queenalice.com/game.php?id=1363276"]
[Date "2015.6.3"]
[Round "-"]
[White "adelio"]
[Black "soypartisano"]
[Result "0-1"]
[WhiteElo "1699"]
[BlackElo "1927"]

1. d4 Nf6 2. c4 e6 3. a3 c5 4. e3 Nc6 5. Be2 d5 6. h4 dxc4 7. Nc3 cxd4 8. exd4
Qxd4 9. Bg5 Nd5 10. Bd2 Bc5 11. Nh3 O-O 12. O-O Qxh4 13. Bg5 Qd4 14. Nxd5 exd5
15. Be3 Qxd1 16. Raxd1 Bxe3 17. fxe3 Bxh3 18. gxh3 Rad8 19. e4 dxe4 20. Bxc4 Ne5
21. Bb3 Nf3+ 22. Kf2 Nd2 23. Rxd2 Rxd2+ 24. Ke3 Rd3+ 25. Kxe4 Rxb3 26. Rf2 Rc8
27. Ke5 Rxh3 28. Kd6 Rh5 29. Kd7 Rhc5 30. Re2 h5 31. b4 Rc2 32. Re3 Kf8 33. Re2
Rxe2 34. Kxc8 Ra2 35. Kxb7 Rxa3 36. b5 Ke7 37. b6 axb6 38. Kxb6 Rc3 39. Kb5 Kd6
40. Kb4 Rc8 41. Kb5 Kd5 42. Kb6 Rc3 43. Kb7 Kd6 44. Kb6 Rb3+ 45. Ka7 Kc6 46. Ka8
Kc7 47. Ka7 Ra3# 0-1

[Event "OSA INCLIVEIS"]
[Site "http://www.queenalice.com/game.php?id=1363277"]
[Date "2015.6.3"]
[Round "-"]
[White "soypartisano"]
[Black "adelio"]
[Result "1-0"]
[WhiteElo "1937"]
[BlackElo "1739"]

1. e4 a6 2. d4 c5 3. c3 e6 4. Be3 b6 5. f4 Be7 6. Nf3 d6 7. Bd3 e5 8. dxe5 dxe5
9. Nxe5 Nf6 10. O-O Nbd7 11. Nc6 Qc7 12. Nxe7 Kxe7 13. Nd2 h5 14. h3 h4 15. f5
Ne5 16. Bf4 Nh5 17. Bxe5 Qxe5 18. Nf3 Qf4 19. Qc1 Qxc1 20. Raxc1 Nf4 21. Rcd1 g6
22. fxg6 Nxg6 23. Ng5 f6 24. Nf3 Nf4 25. Bc4 Nxh3+ 26. gxh3 Bxh3 27. Rf2 Bg4 28.
Bd5 Rad8 29. Re1 h3 30. Nh2 Bc8 31. Ref1 Rh6 32. Rf4 f5 33. Re1 Kd6 34. c4 fxe4
35. Rfxe4 Rg6+ 36. Kh1 Bf5 37. Re5 Rf8 38. Re8 Rff6 39. Rb8 Rg7 40. Rxb6+ Kc7
41. Rxf6 Bd7 42. Rxa6 Kd8 43. Ra7 Rg6 44. Rd1 Ke8 45. Bf7+ Kxf7 46. Raxd7+ Ke8
47. Rh7 Rg2 48. Rg1 Kf8 49. Rxg2 hxg2+ 50. Kxg2 Ke8 51. Kf3 Kd8 52. Ke4 Kc8 53.
Kd5 Kb8 54. Kc6 Ka8 55. Kb6 Kb8 56. Rh8# 1-0

[Event "AUTO-MASTER-2323"]
[Site "http://www.queenalice.com/game.php?id=1369681"]
[Date "2015.7.4"]
[Round "1"]
[White "FabioSelinger"]
[Black "soypartisano"]
[Result "1-0"]
[WhiteElo "2129"]
[BlackElo "1940"]

1. e4 c6 2. d4 d5 3. exd5 cxd5 4. c4 Nf6 5. Nc3 e6 6. Nf3 Nc6 7. Be2 Be7 8. O-O
O-O 9. c5 Bd7 10. a3 b6 11. b4 a6 12. Bxa6 bxc5 13. Bb7 Rb8 14. Bxc6 Bxc6 15.
dxc5 Qc7 16. Re1 Rfd8 17. Nd4 Be8 18. g3 e5 19. Nf5 Bc6 20. Nxe7+ Qxe7 21. Bg5
h6 22. Bxf6 Qxf6 23. Rb1 e4 24. b5 Qxc3 25. bxc6 Qxc5 26. Rc1 Qxa3 27. c7 Rbc8
28. cxd8=Q+ Rxd8 29. Rxe4 f5 30. Rd4 Qa5 31. Rc2 g5 32. Rcd2 1-0

[Event "AUTO-MASTER-2323"]
[Site "http://www.queenalice.com/game.php?id=1369682"]
[Date "2015.7.4"]
[Round "1"]
[White "soypartisano"]
[Black "FabioSelinger"]
[Result "1-0"]
[WhiteElo "1972"]
[BlackElo "2106"]

1. d4 Nf6 2. c4 e6 3. Nf3 b6 4. Bg5 Be7 5. Nc3 Bb7 6. e3 O-O 7. Be2 d5 8. O-O
Nbd7 9. Qc2 Rc8 10. Rac1 Ne4 11. Nxe4 dxe4 12. Bxe7 Qxe7 13. Ne1 f5 14. g3 c5
15. Ng2 cxd4 16. exd4 e5 17. dxe5 Nxe5 18. Qb3 Kh8 19. Rfd1 Qf6 20. Nf4 Ng6 21.
Nd5 Qg5 22. Qb5 a6 23. Qd7 Bxd5 24. Qxd5 Rfd8 25. Qb7 Ne5 26. h4 Qf6 27. b3 a5
28. Kg2 Nd3 29. Bxd3 exd3 30. Rxd3 Rf8 31. Rcd1 Rb8 32. Qd5 f4 33. Rf3 Qg6 34.
Rdd3 h6 35. Qd6 Qe8 36. Rxf4 Rxf4 37. Qxf4 a4 38. Qe3 Qc6+ 39. Qf3 Qe8 40. Qe3
axb3 41. axb3 Qc6+ 42. Qf3 Qe6 43. Qd5 Qf6 44. Rf3 Qg6 45. Qf5 Qc6 46. Qd5 Qg6
47. h5 Qe8 48. Re3 Qf8 49. Qd4 Rb7 50. Re6 Rf7 51. f4 Qa8+ 52. Qe4 Qxe4+ 53.
Rxe4 Kh7 54. Re6 Rb7 55. Kf3 Kg8 56. g4 Kf7 57. f5 Rb8 58. Ke4 Rb7 59. Kd5 1-0

[Event "AUTO-MASTER-2323"]
[Site "http://www.queenalice.com/game.php?id=1369699"]
[Date "2015.7.4"]
[Round "1"]
[White "soypartisano"]
[Black "B07109"]
[Result "0-1"]
[WhiteElo "1940"]
[BlackElo "2389"]

1. e4 e6 2. d4 d5 3. exd5 exd5 4. Nf3 Nf6 5. Bd3 Bd6 6. Bg5 h6 7. Bh4 Qe7+ 8.
Be2 Nc6 9. O-O g5 10. Re1 gxh4 11. Bd3 Be6 12. Nbd2 O-O-O 13. c3 Rhg8 14. Nxh4
Bxh2+ 15. Kxh2 Ng4+ 16. Kg3 Ne3+ 17. Ng6 Qg5+ 18. Qg4 Qxg4+ 19. Kh2 Qxg2# 0-1

[Event "AUTO-MASTER-2323"]
[Site "http://www.queenalice.com/game.php?id=1369700"]
[Date "2015.7.4"]
[Round "1"]
[White "B07109"]
[Black "soypartisano"]
[Result "1-0"]
[WhiteElo "2400"]
[BlackElo "1940"]

1. Nf3 d5 2. d4 Nf6 3. c4 e6 4. e3 g6 5. Nc3 Bg7 6. Be2 O-O 7. O-O b6 8. b4 Bb7
9. Qb3 Nbd7 10. cxd5 Nxd5 11. Bb2 N7f6 12. Rfc1 Rc8 13. b5 c5 14. bxc6 Bxc6 15.
Nb5 Qd7 16. Ne5 Qb7 17. Nd6 Ba4 18. Qxa4 Rxc1+ 19. Rxc1 Qb8 20. Ba3 Rd8 21. Nc6
b5 22. Bxb5 Qb6 23. Nxd8 Ng4 24. Be8 Ngxe3 25. Bxf7+ 1-0

[Event "AUTO-MASTER-2323"]
[Site "http://www.queenalice.com/game.php?id=1369701"]
[Date "2015.7.4"]
[Round "1"]
[White "soypartisano"]
[Black "miltonlovisk"]
[Result "1-0"]
[WhiteElo "1948"]
[BlackElo "2037"]

1. e4 e5 2. Nf3 Nc6 3. d4 exd4 4. Nxd4 Qe7 5. f3 f5 6. Nxf5 Qf6 7. Bc4 d6 8. Ne3
Qg6 9. Nc3 Nf6 10. b3 Ne5 11. Be2 c6 12. Bb2 Nh5 13. Qd2 Nf4 14. Rg1 Nh3 15. Rf1
Nf4 16. O-O-O Nxe2+ 17. Qxe2 Be7 18. Rd2 O-O 19. g3 Bh3 20. Rf2 Bd7 21. Kb1 Rf7
22. Rd1 Raf8 23. f4 Ng4 24. f5 Qg5 25. Nxg4 a6 26. h4 Qg6 27. fxg6 hxg6 28. Rxf7
Rxf7 29. Ne5 1-0

[Event "AUTO-MASTER-2323"]
[Site "http://www.queenalice.com/game.php?id=1369702"]
[Date "2015.7.4"]
[Round "1"]
[White "miltonlovisk"]
[Black "soypartisano"]
[Result "1-0"]
[WhiteElo "1997"]
[BlackElo "1977"]

1. e4 c6 2. Nf3 d5 3. exd5 cxd5 4. d4 Nf6 5. a3 Bg4 6. Qd3 Nc6 7. Ne5 Bh5 8. Qb5
Qc7 9. Bf4 Qb6 10. Qxb6 axb6 11. Bb5 Rc8 12. O-O e6 13. f3 Be7 14. g4 Bg6 15.
Nxg6 hxg6 16. c3 Kd7 17. Bg3 Ne8 18. b4 Nd6 19. Bd3 f5 20. Nd2 Na7 21. Rfc1 Nab5
22. Bxb5+ Nxb5 23. Nb1 Nxd4 24. Rf1 Ne2+ 25. Kf2 Nxc3 26. Nd2 Na4 27. Be5 Rc2
28. Ke3 Bf6 29. Bxf6 gxf6 30. Rh1 Nb2 31. gxf5 d4+ 32. Ke2 gxf5 33. Ke1 Rhc8 34.
Nb3 Nd3+ 35. Kf1 Rf2+ 36. Kg1 1-0

[Event "Challenge"]
[Site "http://www.queenalice.com/game.php?id=1377430"]
[Date "2015.8.14"]
[Round "-"]
[White "colatina"]
[Black "soypartisano"]
[Result "1-0"]
[WhiteElo "1913"]
[BlackElo "1960"]

1. e4 c6 2. Nf3 d5 3. e5 Bg4 4. d4 e6 5. h3 Bh5 6. g4 Bg6 7. Bd3 Bxd3 8. Qxd3
Be7 9. h4 Nd7 10. Nc3 Qb6 11. b3 Bb4 12. h5 Ne7 13. a3 Bxc3+ 14. Qxc3 O-O-O 15.
Bg5 Rde8 16. a4 a5 17. h6 gxh6 18. Bxh6 1-0